quiz champions leauge halve finale - Statistieken

Algemene statistieken
  • Deze quiz is 44 keer genomen
  • De gemiddelde score is 7 van 9
Antwoordstatistieken
Vraag Antwoord % Correct
heb eder militao real madrid
100%
heb harry kane bayern munchun
90%
heeft de meeste champions leauges gewonnen real madrid
90%
zit in la liga real madrid
90%
heb davies bayern munchun
80%
heb can dortmund
70%
heeft geen champions leauge gewonnen psg
70%
heb in de kwartfinale arsenal verslagen bayern munchun
50%
wint 4-1 tegen tegenstander psg
30%
Geen overeenkomende quizzen gevonden
Scoreverdeling
Procent van Mensen met Elke Score
Percentiel versus Aantal Correcte Antwoorden
Uw Scoregeschiedenis
U heeft deze quiz nog niet genomen